| 000 | 00998nam a22002897a 4500 | ||
|---|---|---|---|
| 999 |
_c29472 _d29443 |
||
| 003 | EG-ScBUE | ||
| 005 | 20210923134120.0 | ||
| 008 | 210923s1997 ua f 000 0 ara d | ||
| 017 | _a1994/3576 | ||
| 020 | _a977140203X | ||
| 040 |
_aEG-ScBUE _bara _erda _cEG-ScBUE _dEG-ScBUE |
||
| 082 | 0 | 4 |
_a291.211 _bع ق ا _222 |
| 100 | 1 |
_aالعقاد، عباس محمود، _d1964-1889، _eمؤلف. |
|
| 245 | 1 | 0 |
_aالله / _cعباس محمود العقاد. |
| 250 | _aالطبعة الثانية. | ||
| 264 | 1 |
_aالقاهرة : _bدار نهضة مصر للطباعة والنشر والتوزيع، _c1997. |
|
| 300 |
_a190 صفحة : _c24 سم |
||
| 336 |
_2rdacontent _aنص _btxt |
||
| 337 |
_2rdamedia _aبدون وسيط _bn |
||
| 338 |
_2rdacarrier _aمجلد _bnc |
||
| 541 |
_cDonation ; _aDr. Fatma Hamdy. |
||
| 650 | 7 |
_aالله. _2BUEsh |
|
| 650 | 7 |
_aالألوهية. _2BUEsh _917224 |
|
| 653 |
_aBUEsh _bGGEN _cSeptember2021 |
||
| 655 | 7 |
_2BUEsh _vReading book _934232 |
|
| 942 | _2ddc | ||